LEADER 01065cam0 22002651 450 001 SOBE00038339 005 20131210121422.0 100 $a20131210d1944 |||||ita|0103 ba 101 $afre 102 $aFR 200 1 $aClef de la poésie$equi permet de distinguer le vrai du faux en toute observation ou doctrine touchant la rime, le rythme, le vers, le poète et la poésie$fJean Paulhan 210 $aParis$cGallimard$d1944 215 $a94 p.$d19 cm 225 2 $aMétamorphoses$v21 410 1$1001SOBE00038341$12001 $a*Métamorphoses$v21 700 1$aPaulhan$b, Jean$3SOBA00008844$4070$0193187 801 0$aIT$bUNISOB$c20131210$gRICA 850 $aUNISOB 852 $aUNISOB$j3|A$m12307|ort 912 $aSOBE00038339 940 $aM 102 Monografia moderna SBN 941 $aM 957 $xFondo|Ortolani$a3|A$b033$fModalità di consultazione sulla home page della Biblioteca link Fondi$gNO$d12307|ort$hOrtolaniS$rdono$1calvano123$2UNISOB$3UNISOB$420131210121432.0$520131210121539.0$6calvano123 996 $aClef de la poésie$91478206 997 $aUNISOB LEADER 01231nam0 22003131i 450 001 RML0313220 005 20231121125752.0 100 $a20121121d1974 ||||0itac50 ba 101 | $aita 102 $ait 181 1$6z01$ai $bxxxe 182 1$6z01$an 200 1 $a˜Il œfarsi e il disfarsi del problema$fG. Mosconi e V. D'Urso 210 $aFirenze $cGiunti Barbera $d©1974 215 $a164 p.$d24 cm 225 | $aOrientamenti della psicologia moderna. - Firenze $eGiunti 410 0$1001RML0331493$12001 $aOrientamenti della psicologia moderna. - Firenze $eGiunti 606 $aSoluzioni di problemi$2FIR$3RMLC387068$9I 676 $a152$9PSICOLOGIA FISIOLOGICA$v21 700 1$aMosconi$b, Giuseppe$3RMLV175166$0160998 701 1$aD'Urso$b, Valentina$3RMLV168842$0143478 801 3$aIT$bIT-01$c20121121 850 $aIT-FR0017 899 $aBiblioteca umanistica Giorgio Aprea$bFR0017 912 $aRML0313220 950 0$aBiblioteca umanistica Giorgio Aprea$d 52CIS 12/1403$e 52VM 0000837195 VM barcode:00078126. - Inventario:6233 FSSVM$fA $h20100625$i20121204 977 $a 52 996 $aFarsi e il disfarsi del problema$9747343 997 $aUNICAS